000 00282nam a2200121Ia 4500
008 191201s2011 xx 000 0 und d
100 _aHAHN, Harley
245 0 _aGuide to UNIX and LINUX
260 _aN. Delhi
_bTMH
_c2011
300 _a926
650 _aB.Tech(IT)
942 _2ddc
_cBK
999 _c5055
_d5055